000 00408nam a2200181Ia 4500
001 19282
005 20260306172641.0
008 260306t2003||||xx |||||||||||||| ||spa||
041 _aESP
082 _a658.83
_bCH578
100 _aChurchill, Gilbert A.
_eAUT
245 0 _aInvestigación de mercados
260 _c2003
300 _a
_c
650 _aGEN
654 _aCAN
942 _cLIB
_dJUS
_fJUS
_2ddc
_n
999 _c19282
_d19282